Harmonizácia dohľadu nad finančným trhom v rámci EÚ a v podmienkach SR diplomová práca

Na minha lista:
Detalhes bibliográficos
Autor principal: Sulitková, Kristína
Autor Corporativo: Národohospodárska fakulta EU. Katedra financií
Outros Autores: Čiernik, Anton
Formato: Livro
Idioma:eslovaco
Publicado em: Bratislava 2009
Tags: Adicionar Tag
Sem tags, seja o primeiro a adicionar uma tag!

MARC

LEADER 00000nam$a2200000$$$4500
001 0096848
005 20240318141341.3
041 0 |a slo 
044 |a SK 
245 1 0 |a Harmonizácia dohľadu nad finančným trhom v rámci EÚ a v podmienkach SR  |b diplomová práca  |c Kristína Sulitková ; škol. Anton Čiernik 
264 1 |a Bratislava  |c 2009 
300 |a 70 s. 
100 1 |a Sulitková, Kristína 
700 1 |a Čiernik, Anton 
710 2 |a Národohospodárska fakulta EU. Katedra financií